<?xml version="1.0" encoding="UTF-8"?>
<record
    xmlns:xsi="http://www.w3.org/2001/XMLSchema-instance"
    xsi:schemaLocation="http://www.loc.gov/MARC21/slim http://www.loc.gov/standards/marcxml/schema/MARC21slim.xsd"
    xmlns="http://www.loc.gov/MARC21/slim">

  <leader>00544nam a2200193 a 4500</leader>
  <controlfield tag="001">3515</controlfield>
  <controlfield tag="003">CDMR</controlfield>
  <controlfield tag="005">20130510111203.0</controlfield>
  <controlfield tag="008">130130s2005||||sp |||||||||||||||||cat|d</controlfield>
  <datafield tag="020" ind1=" " ind2=" ">
    <subfield code="a">8493335169</subfield>
  </datafield>
  <datafield tag="040" ind1=" " ind2=" ">
    <subfield code="a">CDMR</subfield>
    <subfield code="b">cat</subfield>
    <subfield code="c">CPC GIRONA</subfield>
  </datafield>
  <datafield tag="100" ind1="1" ind2=" ">
    <subfield code="a">Peralta, Miquel</subfield>
    <subfield code="9">2518</subfield>
  </datafield>
  <datafield tag="245" ind1="1" ind2="0">
    <subfield code="a">Teleinformatius</subfield>
    <subfield code="b">: la transmissi&#xF3; televisiva de l'actualitat</subfield>
    <subfield code="c">Miquel Peralta i Mas</subfield>
  </datafield>
  <datafield tag="260" ind1=" " ind2=" ">
    <subfield code="c">2005</subfield>
    <subfield code="b">Tr&#xED;podos</subfield>
    <subfield code="a">Barcelona</subfield>
  </datafield>
  <datafield tag="300" ind1=" " ind2=" ">
    <subfield code="a">207 p.</subfield>
  </datafield>
  <datafield tag="490" ind1="0" ind2=" ">
    <subfield code="a">Papers d'estudi</subfield>
    <subfield code="v">15</subfield>
  </datafield>
  <datafield tag="650" ind1="0" ind2="4">
    <subfield code="9">3157</subfield>
    <subfield code="a">Televisi&#xF3;</subfield>
    <subfield code="x">Noticiaris</subfield>
  </datafield>
  <datafield tag="942" ind1=" " ind2=" ">
    <subfield code="c">MON</subfield>
    <subfield code="2">udc</subfield>
  </datafield>
  <datafield tag="999" ind1=" " ind2=" ">
    <subfield code="c">3515</subfield>
    <subfield code="d">3515</subfield>
  </datafield>
  <datafield tag="952" ind1=" " ind2=" ">
    <subfield code="0">0</subfield>
    <subfield code="1">0</subfield>
    <subfield code="4">0</subfield>
    <subfield code="7">0</subfield>
    <subfield code="a">GIRONA</subfield>
    <subfield code="b">GIRONA</subfield>
    <subfield code="d">2010-12-03</subfield>
    <subfield code="l">0</subfield>
    <subfield code="o">Fe 640</subfield>
    <subfield code="p">GIRONA13097610</subfield>
    <subfield code="r">2013-01-16</subfield>
    <subfield code="w">2013-01-16</subfield>
    <subfield code="y">MON</subfield>
  </datafield>
  <datafield tag="952" ind1=" " ind2=" ">
    <subfield code="0">0</subfield>
    <subfield code="1">0</subfield>
    <subfield code="4">0</subfield>
    <subfield code="7">0</subfield>
    <subfield code="a">CDMR</subfield>
    <subfield code="b">CDMR</subfield>
    <subfield code="d">2013-01-16</subfield>
    <subfield code="l">0</subfield>
    <subfield code="o">Fo 6/7</subfield>
    <subfield code="p">CDMR13056376J</subfield>
    <subfield code="r">2013-05-10</subfield>
    <subfield code="w">2013-05-10</subfield>
    <subfield code="y">MON</subfield>
  </datafield>
</record>
